See you later, procrastinator! : (Record no. 677)

MARC details
000 -LEADER
fixed length control field 01443nam a22002897a 4500
005 - DATE AND TIME OF LATEST TRANSACTION
control field 20250805161034.0
020 ## - INTERNATIONAL STANDARD BOOK NUMBER
International Standard Book Number 9781575422787
020 ## - INTERNATIONAL STANDARD BOOK NUMBER
International Standard Book Number 1575422786
040 ## - CATALOGING SOURCE
Original cataloging agency DLC
Transcribing agency DLC
Modifying agency DLC
Language of cataloging eng
050 00 - LIBRARY OF CONGRESS CALL NUMBER
Classification number BF637.P76
Item number E87 2008
082 00 - DEWEY DECIMAL CLASSIFICATION NUMBER
Classification number 155.2/32
Edition number 22
100 1# - MAIN ENTRY--PERSONAL NAME
Personal name Espeland, Pamela,
Dates associated with a name 1951-
245 10 - TITLE STATEMENT
Title See you later, procrastinator! :
Remainder of title (get it done) /
Statement of responsibility, etc. by Pamela Espeland & Elizabeth Verdick ; illustrated by Steve Mark.
260 ## - PUBLICATION, DISTRIBUTION, ETC.
Place of publication, distribution, etc. Minneapolis, MN :
Name of publisher, distributor, etc. Free Spirit Pub.,
Date of publication, distribution, etc. 2008.
300 ## - PHYSICAL DESCRIPTION
Extent 101 pages :
Other physical details color illustrations :
Dimensions 18 cm.
490 0# - SERIES STATEMENT
Series statement Laugh & learn
505 ## - FORMATTED CONTENTS NOTE
Formatted contents note M <br/>
520 ## - SUMMARY, ETC.
Summary, etc. Kids today are notorious for putting things off--it's easy for homework and chores to take a backseat to playing video games, hanging out with friends, watching television, or surfing online. Full-color cartoons and kid-friendly text teach kids how to get motivated, stay motivated, and get things done. Kids learn 12 reasons why people procrastinate and 12 Procrastination Busters that can help; 20 ways to kiss procrastination good-bye; tips for avoiding setbacks like the dreaded Domino Effect; and Mighty Motivators and Fun Rewards to keep them on track.
521 ## - TARGET AUDIENCE NOTE
Target audience note 690
Source Lexile <br/>
521 ## - TARGET AUDIENCE NOTE
Target audience note M <br/>
Source Raz-Plus <br/>
650 #0 - SUBJECT ADDED ENTRY--TOPICAL TERM
Topical term or geographic name entry element Procrastination
Form subdivision Juvenile literature.
700 1# - ADDED ENTRY--PERSONAL NAME
Personal name Verdick, Elizabeth.
700 1# - ADDED ENTRY--PERSONAL NAME
Personal name Mark, Steve.
906 ## - LOCAL DATA ELEMENT F, LDF (RLIN)
a 7
b cbc
c orignew
d 1
e ecip
f 20
g y-gencatlg
942 ## - ADDED ENTRY ELEMENTS (KOHA)
Source of classification or shelving scheme Dewey Decimal Classification
Koha item type Books
Suppress in OPAC No
999 ## -
-- 677
-- 677
Holdings
Withdrawn status Lost status Source of classification or shelving scheme Damaged status Not for loan Collection Home library Current library Shelving location Date acquired Total Checkouts Full call number Barcode Date last seen Date last checked out Price effective from Koha item type Copy number
    Dewey Decimal Classification     Non-Fiction Footprints International School Library Network Toul Kork Campus Footprints International School Library Network Toul Kork Campus TK Primary Library Room(4th Floor), Bookcase 5&6, Shelves 33-56, Orange Books 06/29/2023 2 ESP 155.2/32 BF637.P76 FISTK00483 04/01/2025 01/30/2025 06/29/2023 Books  
    Dewey Decimal Classification     Non-Fiction Footprints International School Library Network Toul Tom Poung Campus Footprints International School Library Network Toul Tom Poung Campus TTP Primary Orange Bookshelves 08/05/2025   ESP 155.2/32 BF637.P76 FIS02836 08/05/2025   08/05/2025 Books 2